| 000 | 00455nam a22001697a 4500 | ||
|---|---|---|---|
| 005 | 20180814142823.0 | ||
| 008 | 160615b xxu||||| |||| 00| 0 eng d | ||
| 020 | _a978-0-07-058741-0 | ||
| 041 | _aeng | ||
| 082 |
_b7805 _a005.74 |
||
| 100 |
_aBerson, Alex and Smith Stephen J. _94815 |
||
| 245 | _aData Warehousing Data Mining & OLAP | ||
| 260 |
_bMc Graw hills _c2013 _anew delhi |
||
| 300 | _a608p, | ||
| 650 |
_aDIPLOMA ENGINEERING _9817 |
||
| 942 | _cBK | ||
| 999 |
_c2810 _d2809 |
||